| Tag |
First Indicator |
Second Indicator |
Subfields |
| LEADER |
00000cam a2200000 a 4500 |
| 001 |
in00005521521 |
| 006 |
m o d |
| 007 |
cr cnu|||||||| |
| 008 |
090521s2009 fluabf ob 001 0 eng d |
| 005 |
20241108165603.8 |
| 035 |
|
|
|a (OCoLC)ocn335013614
|
| 040 |
|
|
|a FXG
|b eng
|e pn
|c FXG
|d CUS
|d N$T
|d YDXCP
|d CDX
|d HS0
|d IDEBK
|d CEF
|d IL4I4
|d E7B
|d OCLCQ
|d UIU
|d OCLCQ
|d MYPMP
|d OCLCQ
|d OCLCO
|d OCLCF
|d UIU
|d OCLCO
|d CRCPR
|d OCLCQ
|d S3O
|d OCLCO
|d OCLCQ
|d OTZ
|d OCLCQ
|d UAB
|d UUM
|d OCLCQ
|d WYU
|d UKMGB
|d S9I
|d OCLCO
|d YDX
|d OCLCQ
|d LEAUB
|d K6U
|d OCLCO
|d INARC
|d OCLCQ
|d OCL
|d SFB
|d OCLCQ
|d OCLCO
|d OCLCL
|d TYFRS
|d UKAHL
|d UKBTH
|d UHL
|d NLW
|
| 016 |
7 |
|
|a 018394097
|2 Uk
|
| 019 |
|
|
|a 316007178
|a 317674894
|a 399755101
|a 646806956
|a 666902542
|a 815761379
|a 1009349200
|a 1011085599
|a 1038515505
|a 1044258006
|a 1044620091
|a 1063728402
|a 1078493776
|a 1080589218
|a 1082242338
|
| 020 |
|
|
|a 9781420070262
|q (electronic bk.)
|
| 020 |
|
|
|a 1420070266
|q (electronic bk.)
|
| 020 |
|
|
|a 1281993921
|
| 020 |
|
|
|a 9781281993922
|
| 020 |
|
|
|z 9781420070255
|q (alk. paper)
|
| 020 |
|
|
|z 1420070258
|q (alk. paper)
|
| 020 |
|
|
|a 9781315218779
|q (e-book ;
|q PDF)
|
| 020 |
|
|
|a 1315218771
|
| 024 |
7 |
|
|a 10.1201/9781315218779
|2 doi
|
| 035 |
|
|
|a (OCoLC)335013614
|z (OCoLC)316007178
|z (OCoLC)317674894
|z (OCoLC)399755101
|z (OCoLC)646806956
|z (OCoLC)666902542
|z (OCoLC)815761379
|z (OCoLC)1009349200
|z (OCoLC)1011085599
|z (OCoLC)1038515505
|z (OCoLC)1044258006
|z (OCoLC)1044620091
|z (OCoLC)1063728402
|z (OCoLC)1078493776
|z (OCoLC)1080589218
|z (OCoLC)1082242338
|
| 037 |
|
|
|a TANDF_189238
|b Ingram Content Group
|
| 050 |
|
4 |
|a TJ163.24
|b .L56 2009eb
|
| 072 |
|
7 |
|a TEC
|x 031000
|2 bisacsh
|
| 072 |
|
7 |
|a TH
|2 bicssc
|
| 082 |
0 |
4 |
|a 621.042
|2 22
|
| 084 |
|
|
|a ZP 3700
|2 rvk
|
| 084 |
|
|
|a ZP 4150
|2 rvk
|
| 049 |
|
|
|a TXAM
|
| 100 |
1 |
|
|a Lipták, Béla G.
|
| 245 |
1 |
0 |
|a Post-oil energy technology :
|b the world's first solar-hydrogen demonstration power plant /
|c Béla Lipták.
|
| 260 |
|
|
|a Boca Raton :
|b CRC Press,
|c ©2009.
|
| 300 |
|
|
|a 1 online resource (xix, 571 pages, 8 unnumbered pages of plates) :
|b illustrations
|
| 336 |
|
|
|a text
|b txt
|2 rdacontent
|
| 337 |
|
|
|a computer
|b c
|2 rdamedia
|
| 338 |
|
|
|a online resource
|b cr
|2 rdacarrier
|
| 347 |
|
|
|a data file
|
| 500 |
|
|
|a Includes one folded leaf.
|
| 504 |
|
|
|a Includes bibliographical references and index.
|
| 505 |
0 |
|
|a 1. The case for renewable energy processes -- 2. Control and optimization of energy conservation and renewable energy processes -- 3. Sensors and analyzers for renewable energy processes -- 4. The design of the world's first full-size solar-hydrogen demonstration power plant -- 5. Conclusions.
|
| 588 |
0 |
|
|a Print version record.
|
| 520 |
|
|
|a This work offers a solution to the climate and energy crisis. Demonstrating the feasibility of a clean, renewable global energy future, "Post-Oil Energy Technology: The World's First Solar-Hydrogen Demonstration Power Plant" describes the detailed design of the first 1,000 megawatt solar power plant with hydrogen storage. How is this possible? Our planet receives more solar energy in about a half hour than humans use in a year. In fact, collecting solar energy on just one percent of the Sahara desert would be sufficient to meet global electricity needs. This energy can then be stored and transported in the form of hydrogen. Converting from nonrenewable energy sources to solar-hydrogen energy: In this timely book, author Bela Liptak explains how a solar-hydrogen economy is technically feasible and cost-effective. He first outlines existing conservation technologies and renewable energy processes as well as evolving technologies, such as energy-free homes, roof shingle solar collectors, and reversible fuel cells. He goes on to discuss energy optimization techniques that could reduce the energy consumption of industrialized countries by twenty-five percent and that of third-world countries by even more. Liptak also shows that we already have the know-how - optimizing large solar power plants, providing solar energy storage in hydrogen, and operating reversible electrolyzers - to build a full-sized renewable energy demonstration plant. It is time to harness the power of solar energy With global energy consumption quadrupling in the last fifty years and atmospheric carbon dioxide reaching the highest level ever recorded, now is the time to prevent further damage to the planet and ensure future generations of human civilization. This book provides the facts about renewable energy, proving that it can slow global warming, stabilize our climate, eliminate the possibility of energy wars, and improve the world's economy
|
| 650 |
|
0 |
|a Power resources
|x Forecasting.
|
| 650 |
|
0 |
|a Energy industries
|x Technological innovations.
|
| 650 |
|
0 |
|a Energy industries
|x Forecasting.
|
| 650 |
|
0 |
|a Solar power plants.
|
| 650 |
|
0 |
|a Hydrogen as fuel.
|
| 650 |
|
6 |
|a Ressources énergétiques
|x Prévision.
|
| 650 |
|
6 |
|a Industries énergétiques
|x Prévision.
|
| 650 |
|
6 |
|a Centrales solaires.
|
| 650 |
|
6 |
|a Hydrogène (Combustible)
|
| 650 |
|
6 |
|a Industries énergétiques
|x Innovations.
|
| 650 |
|
7 |
|a solar power plants.
|2 aat
|
| 650 |
|
7 |
|a TECHNOLOGY & ENGINEERING
|x Power Resources
|x General.
|2 bisacsh
|
| 650 |
|
7 |
|a Solar power plants
|2 fast
|
| 650 |
|
7 |
|a Hydrogen as fuel
|2 fast
|
| 650 |
|
7 |
|a Energy industries
|x Forecasting
|2 fast
|
| 650 |
|
7 |
|a Energy industries
|x Technological innovations
|2 fast
|
| 650 |
|
7 |
|a Power resources
|x Forecasting
|2 fast
|
| 650 |
|
7 |
|a Sonnenenergie
|2 gnd
|
| 650 |
|
7 |
|a Wasserstoffenergietechnik
|2 gnd
|
| 650 |
|
7 |
|a Förnybara energikällor.
|2 sao
|
| 655 |
|
7 |
|a Electronic books.
|2 local
|
| 710 |
2 |
|
|a Taylor & Francis.
|
| 758 |
|
|
|i has work:
|a Post-oil energy technology (Text)
|1 https://id.oclc.org/worldcat/entity/E39PCGMbTb7GcYq8JhR6Hxy6Dm
|4 https://id.oclc.org/worldcat/ontology/hasWork
|
| 776 |
0 |
8 |
|i Print version:
|a Lipták, Béla G.
|t Post-oil energy technology.
|d Boca Raton : CRC Press, ©2009
|z 9781420070255
|w (DLC) 2008003669
|w (OCoLC)191318223
|
| 856 |
4 |
0 |
|u http://proxy.library.tamu.edu/login?url=https://www.taylorfrancis.com/books/9781315218779
|z Connect to the full text of this electronic book
|t 0
|
| 955 |
|
|
|a Taylor and Francis ENGnetBASE
|
| 994 |
|
|
|a 92
|b TXA
|
| 999 |
f |
f |
|s 63ededf1-597b-452c-8840-63452b089813
|i 0939ec65-d723-4fa1-8f2d-7271a00ac2ad
|t 0
|
| 952 |
f |
f |
|a Texas A&M University
|b College Station
|c Electronic Resources
|d Available Online
|t 0
|e TJ163.24 .L56 2009eb
|h Library of Congress classification
|
| 998 |
f |
f |
|a TJ163.24 .L56 2009eb
|t 0
|l Available Online
|